3-Word TV Shows Quiz Stats

Quiz Updated Jul 6, 2015

Also try: 2-Word TV Shows
Challenge
Share
Tweet
Score 0/20 Timer 06:00
1 Play Today
Hint Answer % Correct
I Love Lucy
92.1%
Wheel of Fortune
91.9%
That '70s Show
89.1%
Everybody Loves Raymond
88.4%
Parks and Recreation
86%
Saturday Night Live
84.6%
Walker, Texas Ranger
75.1%
Boy Meets World
74.2%
Sons of Anarchy
67.2%
Freaks and Geeks
62.8%
Hint Answer % Correct
Mad About You
55.4%
The Mindy Project
52%
Pretty Little Liars
51.8%
That's So Raven
48.3%
Star Trek: Voyager
43.9%
Pop Up Video
37.3%
Lost in Space
36.1%
The IT Crowd
27%
Tiny Toon Adventures
25.8%
Without a Trace
16.5%

You're not logged in!

Compare scores with friends on all Sporcle quizzes.
Sign Up with Email
OR
Log In

You Might Also Like...

Show Comments

Extras

Top Quizzes Today


Score Distribution

Your Account Isn't Verified!

In order to create a playlist on Sporcle, you need to verify the email address you used during registration. Go to your Sporcle Settings to finish the process.